000 00599nam a2200169Ia 4500
005 20250508160515.0
008 008 250505s9999 xx 000 0 eng d
037 _aReference
040 _aFEDL
_beng
_cFEDL
041 _aeng
_2eng
084 _a370.15, GRE
_qFEDL
245 0 _aPsychologists in education services: The report of a working party appointed by the secretary of State for education and science: The summerfield report
260 _aLondon, UK
_bHer Majesty's Stationery Office
_c1968
300 _axix,171p
942 _cREF
_h370.15, GRE
999 _c1365038
_d1365038